=LDR 00000nam 2200000 4500 =001 INLIS000000000034092 =005 20210930012016 =035 ##$$a 0010-061300000034092 =008 210930################g##########0#ind## =041 ##$$a ind =082 ##$$a 595.7 =090 ##$$a 595.7, Asy m =100 ##$$a Asyiah =245 1#$$a Mengenal berbagai serangga, /$c Asyiah =260 ##$$a Jakarta :$b Panca Anugerah Sakti,$c 2007 =300 ##$$a 42 hlm, : $b ilus ; $c 14x21 cm. =650 #4$$a Serangga =850 ##$$a NBPNMAT =084 ##$$a 595.7 ASY m =990 ##$$a 0001/BPAP-NTB/2016 =990 ##$$a 0001/BPAP-NTB/2016 =990 ##$$a 21602067/BPAP-NTB/2017 =990 ##$$a 13621362 =990 ##$$a 21007045 =990 ##$$a 0001/BPAP-NTB/2016 =990 ##$$a 0001/BPAP-NTB/2016 =990 ##$$a 21602067/BPAP-NTB/2017